000 00307nam a22001337a 4500
008 190205b xxu||||| |||| 00| 0 eng d
020 _a0395306221
041 _aeng
080 _a321
100 _a19
101 _aSHP
245 _aPublic Expenditure and Policy Analysis
_cHaveman, R.H
942 _2udc
_cBK
999 _c54011
_d54011